000 00541nam a2200193Ia 4500
005 20250508150852.0
008 008 250505s9999 xx 000 0 hin d
037 _aTextual
040 _aFEDL
_beng
_cFEDL
041 _ahin
_2hin
084 _a891.43, TAG
_qFEDL
100 _aJain Dhanaya Kumar
_9757868
245 0 _aAakhari kavita: Vidaka geet upanayas
260 _aCalcutta, India
_bHindi Granthagar
300 _a144p.
490 _aRavinder sahitya
942 _cTEXL
_h891.43, TAG
999 _c1326213
_d1326213